[Event "8. Open Sub-20 contra la Droga"]
[Site "Logroño ESP"]
[Date "2007.08.16"]
[Round "4.3"]
[White "Accattato Martin, Mario"]
[Black "Alarcia Astiz, Carlos"]
[Result "1/2-1/2"]
[WhiteElo "2129"]
[BlackElo "2173"]
[PlyCount "148"]
[EventDate "2007.08.14"]
[EventType "swiss"]
[EventRounds "8"]
[EventCountry "ESP"]
[Source "lmi"]
[SourceDate "2007.08.14"]

1. e4 c6 2. d4 d5 3. Nc3 dxe4 4. Nxe4 Bf5 5. Ng3 Bg6 6. Bc4 e6 7. N1e2 Bd6 8.
h4 h6 9. Nf4 Bxf4 10. Bxf4 Nf6 11. Qe2 Nbd7 12. O-O-O Qe7 13. Rhe1 Nd5 14. Bd2
Qxh4 15. Bxd5 cxd5 16. Bb4 O-O-O 17. Qb5 Nb6 18. b3 Kb8 19. a4 Qf4+ 20. Rd2 Rc8
21. Re3 Rc6 22. a5 a6 23. Qxb6 Rxb6 24. axb6 Rc8 25. Bc5 Rxc5 26. dxc5 d4 27.
c3 d3 28. Kd1 Kc8 29. Rexd3 Bxd3 30. Rxd3 Qxf2 31. Ne4 Qf1+ 32. Kd2 Qf4+ 33.
Re3 f5 34. Nd6+ Kd7 35. Nxb7 Kc6 36. Nd8+ Kb5 37. c4+ Kb4 38. Nxe6 Qf2+ 39. Re2
Qg3 40. b7 Qc3+ 41. Kd1 Qxb3+ 42. Ke1 Kxc4 43. c6 Kd5 44. c7 Qxb7 45. Rc2 Qc8
46. Nxg7 Ke5 47. Rc5+ Kd6 48. Rc2 Ke5 49. Rc5+ Kd6 50. Rc1 Ke5 51. Kf2 Kf6 52.
Ne8+ Ke7 53. Ng7 Kf7 54. Nh5 a5 55. Nf4 Ke7 56. Nd5+ Kd6 57. Nb6 Qxc7 58. Rxc7
Kxc7 59. Nc4 a4 60. Ke3 Kc6 61. Kd4 Kb5 62. Ne3 Kb4 63. Nxf5 a3 64. Ne3 Kb3 65.
Kd3 a2 66. Nc2 Kb2 67. g4 Kb3 68. Na1+ Kb2 69. Kd2 Kb1 70. Kc3 Kc1 71. Kd3 Kb2
72. Kd2 Kb1 73. Kc3 Kc1 74. Nc2 Kb1 1/2-1/2

[Event "8. Open Sub-20 contra la Droga"]
[Site "Logroño ESP"]
[Date "2007.08.16"]
[Round "4.4"]
[White "Peñalosa Pinilla, Jesus"]
[Black "Shabanov, Nurlan"]
[Result "1-0"]
[WhiteElo "2207"]
[BlackElo "1793"]
[PlyCount "71"]
[EventDate "2007.08.14"]
[EventType "swiss"]
[EventRounds "8"]
[EventCountry "ESP"]
[Source "lmi"]
[SourceDate "2007.08.14"]

1. e4 c5 2. Nf3 g6 3. d4 cxd4 4. Nxd4 Bg7 5. Nb3 Nc6 6. Be2 d6 7. O-O Nf6 8.
Nc3 O-O 9. Bg5 h6 10. Bh4 Bd7 11. f4 Kh8 12. a3 Rc8 13. Bd3 Na5 14. f5 g5 15.
Nxa5 Qxa5 16. Bf2 Bc6 17. Bd4 a6 18. Qe2 Nd7 19. Bxg7+ Kxg7 20. h4 Rh8 21. Kh1
Ne5 22. f6+ exf6 23. Rf2 Rce8 24. Raf1 Nd7 25. Nd1 Qe5 26. Rf5 Qd4 27. c3 Qb6
28. R5f2 Kg6 29. Ne3 Kg7 30. Nf5+ Kf8 31. Nxd6 Re6 32. Nf5 Nc5 33. Nd4 Re7 34.
Rxf6 Nxd3 35. Qxd3 Bxe4 36. Qc4 1-0

[Event "8. Open Sub-20 contra la Droga"]
[Site "Logroño ESP"]
[Date "2007.08.16"]
[Round "4.5"]
[White "Morgaenko, Ekaterina"]
[Black "Forcen Esteban, Daniel"]
[Result "0-1"]
[WhiteElo "1917"]
[BlackElo "2134"]
[PlyCount "74"]
[EventDate "2007.08.14"]
[EventType "swiss"]
[EventRounds "8"]
[EventCountry "ESP"]
[Source "lmi"]
[SourceDate "2007.08.14"]

1. d4 Nf6 2. c4 g6 3. Nc3 Bg7 4. e4 d6 5. Bg5 O-O 6. Be2 Nbd7 7. f4 h6 8. Bh4
e5 9. fxe5 dxe5 10. d5 c6 11. Qc2 Qb6 12. Bf2 Qc7 13. h3 a6 14. Nf3 cxd5 15.
cxd5 b5 16. a3 Bb7 17. O-O Rac8 18. Rac1 Ne8 19. Qb3 Qd8 20. a4 Nc5 21. Qb4 a5
22. Qxc5 Rxc5 23. Bxc5 Nd6 24. Nxb5 Nxe4 25. Bxf8 Bxf8 26. Bc4 Bc5+ 27. Kh2 Be3
28. Rc2 Bf4+ 29. g3 Nxg3 30. Re1 Nf5+ 31. Kh1 Bxd5 32. Bxd5 Qxd5 33. Rc3 e4 34.
Nh2 Bxh2 35. Kxh2 Qd2+ 36. Kg1 Qxe1+ 37. Kh2 Qf2+ 0-1

[Event "8. Open Sub-20 contra la Droga"]
[Site "Logroño ESP"]
[Date "2007.08.16"]
[Round "4.6"]
[White "Hajiyev, Araz"]
[Black "Talishzada, Orhan"]
[Result "0-1"]
[WhiteElo "1851"]
[BlackElo "2114"]
[PlyCount "53"]
[EventDate "2007.08.14"]
[EventType "swiss"]
[EventRounds "8"]
[EventCountry "ESP"]
[Source "lmi"]
[SourceDate "2007.08.14"]

1. d4 d5 2. c4 c6 3. Nf3 Nf6 4. Nc3 dxc4 5. e3 b5 6. a4 b4 7. Na2 e6 8. Bxc4
Be7 9. O-O O-O 10. Bd2 a5 11. Nc1 Nbd7 12. b3 Bb7 13. Ne2 Rc8 14. Nf4 Ne4 15.
Qc2 Nxd2 16. Qxd2 Nb6 17. Bd3 c5 18. dxc5 Bxc5 19. Rfd1 Qe7 20. Ne5 Rfd8 21.
Qe2 Qf6 22. Ng4 Qg5 23. Rab1 h5 24. Nxh5 Nd5 25. e4 Nc3 26. Qf3 Nxb1 27. Qg3
0-1

[Event "8. Open Sub-20 contra la Droga"]
[Site "Logroño ESP"]
[Date "2007.08.16"]
[Round "4.7"]
[White "Rzayev, Bahruz"]
[Black "Sierra Carranza, Sergio"]
[Result "1-0"]
[WhiteElo "2073"]
[BlackElo "1760"]
[PlyCount "35"]
[EventDate "2007.08.14"]
[EventType "swiss"]
[EventRounds "8"]
[EventCountry "ESP"]
[Source "lmi"]
[SourceDate "2007.08.14"]

1. e4 c6 2. Nc3 d5 3. Nf3 Bg4 4. h3 Bh5 5. exd5 cxd5 6. g4 Bg6 7. Bb5+ Nc6 8.
Ne5 Qd6 9. d4 a6 10. Bxc6+ bxc6 11. Bf4 Qe6 12. Na4 Qf6 13. Qd2 Be4 14. f3 Qh4+
15. Ke2 f6 16. fxe4 fxe5 17. Bg5 Qg3 18. Rag1 1-0

[Event "8. Open Sub-20 contra la Droga"]
[Site "Logroño ESP"]
[Date "2007.08.16"]
[Round "4.8"]
[White "Salido Polo, Veronica"]
[Black "Cabanas Jimenez, Manuel"]
[Result "0-1"]
[WhiteElo "1753"]
[BlackElo "2049"]
[PlyCount "98"]
[EventDate "2007.08.14"]
[EventType "swiss"]
[EventRounds "8"]
[EventCountry "ESP"]
[Source "lmi"]
[SourceDate "2007.08.14"]

1. e4 d5 2. exd5 Nf6 3. d4 c6 4. dxc6 Nxc6 5. c3 e5 6. dxe5 Qxd1+ 7. Kxd1 Ng4
8. Nh3 Ngxe5 9. Bf4 Bg4+ 10. Be2 O-O-O+ 11. Nd2 Bxe2+ 12. Kxe2 Nd3 13. Rab1 Bc5
14. Rhd1 Rhe8+ 15. Kf1 f6 16. Nb3 Bb6 17. Rd2 g5 18. Bg3 h5 19. f3 h4 20. Bf2
Bc7 21. Kg1 Nxf2 22. Nxf2 Rxd2 23. Nxd2 Bf4 24. Nde4 f5 25. Nf6 Re2 26. Nh3 Be5
27. Nd5 g4 28. Ng5 Rd2 29. Nb4 Nxb4 30. cxb4 Bd4+ 31. Kh1 Bxb2 32. fxg4 fxg4
33. Ne4 Re2 34. Nd6+ Kc7 35. Nf5 Bf6 36. Kg1 Rxa2 37. Rc1+ Kd7 38. Rd1+ Ke6 39.
Nd4+ Bxd4+ 40. Rxd4 Kf5 41. Rd7 g3 42. hxg3 hxg3 43. Kf1 Rf2+ 44. Kg1 Rb2 45.
Rf7+ Kg6 46. Rf3 Rb1+ 47. Rf1 Rxf1+ 48. Kxf1 Kf5 49. Ke2 Ke4 0-1

[Event "8. Open Sub-20 contra la Droga"]
[Site "Logroño ESP"]
[Date "2007.08.16"]
[Round "4.9"]
[White "Elexpe Bastida, Oscar"]
[Black "Martinez Perez, Jorge"]
[Result "0-1"]
[WhiteElo "1623"]
[BlackElo "2032"]
[PlyCount "50"]
[EventDate "2007.08.14"]
[EventType "swiss"]
[EventRounds "8"]
[EventCountry "ESP"]
[Source "lmi"]
[SourceDate "2007.08.14"]

1. c4 f5 2. d4 d6 3. Nf3 c6 4. g3 g6 5. Bg2 Bg7 6. Nc3 Nh6 7. h4 e5 8. dxe5
dxe5 9. Qxd8+ Kxd8 10. Nxe5 Bxe5 11. Bxh6 Be6 12. O-O-O+ Kc7 13. Bf4 Bxf4+ 14.
gxf4 Bxc4 15. h5 Nd7 16. b3 Bf7 17. hxg6 hxg6 18. f3 Nc5 19. Rh3 Rxh3 20. Bxh3
b5 21. e4 Rh8 22. Bg2 Rh2 23. Rd2 Bxb3 24. e5 Bc4 25. Kc2 Nd7 0-1

[Event "8. Open Sub-20 contra la Droga"]
[Site "Logroño ESP"]
[Date "2007.08.16"]
[Round "5.1"]
[White "Cruz Sanchez, Cristian"]
[Black "Lariño Nieto, David"]
[Result "1-0"]
[WhiteElo "2451"]
[BlackElo "2435"]
[PlyCount "101"]
[EventDate "2007.08.14"]
[EventType "swiss"]
[EventRounds "8"]
[EventCountry "ESP"]
[Source "lmi"]
[SourceDate "2007.08.14"]

1. c4 e6 2. g3 Nf6 3. Bg2 d5 4. Nf3 dxc4 5. Qa4+ c6 6. Qxc4 Bd6 7. d4 Nbd7 8.
O-O e5 9. Nc3 O-O 10. Bg5 exd4 11. Qxd4 Bc5 12. Qd2 h6 13. Bf4 Nb6 14. Qc2 Be6
15. Rad1 Qc8 16. Be5 Ng4 17. Ne4 Nxe5 18. Nxc5 Nxf3+ 19. Bxf3 Bh3 20. Rfe1 Nd7
21. Nd3 Re8 22. Nf4 Ne5 23. Be4 Bg4 24. f3 Be6 25. b3 Qc7 26. Nxe6 Rxe6 27. Bf5
Re7 28. f4 Nd7 29. e4 f6 30. h4 Nf8 31. h5 Rd8 32. Kg2 Kh8 33. Rxd8 Qxd8 34.
Rd1 Qe8 35. Qe2 Ne6 36. Rd6 c5 37. Qc4 Nf8 38. g4 b6 39. Qd3 Qf7 40. Qd5 Kg8
41. Rd8 Qxd5 42. exd5 Kf7 43. Rc8 Re2+ 44. Kf3 Rd2 45. Rc7+ Ke8 46. Rxg7 Rxa2
47. d6 Rd2 48. Re7+ Kd8 49. Bg6 Nxg6 50. hxg6 Rxd6 51. Rxa7 1-0

[Event "8. Open Sub-20 contra la Droga"]
[Site "Logroño ESP"]
[Date "2007.08.16"]
[Round "5.2"]
[White "Khamrakulov, Dzhurabek"]
[Black "Accattato Martin, Mario"]
[Result "1-0"]
[WhiteElo "2322"]
[BlackElo "2129"]
[PlyCount "59"]
[EventDate "2007.08.14"]
[EventType "swiss"]
[EventRounds "8"]
[EventCountry "ESP"]
[Source "lmi"]
[SourceDate "2007.08.14"]

1. e4 d6 2. d4 Nf6 3. Nc3 e5 4. Nf3 Nbd7 5. Bc4 Be7 6. a4 a5 7. O-O O-O 8. Re1
c6 9. b3 exd4 10. Qxd4 Ne5 11. Nxe5 dxe5 12. Qe3 Ng4 13. Qf3 Bc5 14. Nd1 Qf6
15. Qxf6 Nxf6 16. Bb2 Re8 17. Bc3 Bb4 18. Bxb4 axb4 19. Nb2 b6 20. Nd3 c5 21.
a5 bxa5 22. Nxc5 Bd7 23. Na6 Red8 24. f3 Bc8 25. Nxb4 Bb7 26. Nd3 Nd7 27. Ra2
Ra7 28. Rea1 Rda8 29. Bb5 Bc8 30. Bc6 1-0

[Event "8. Open Sub-20 contra la Droga"]
[Site "Logroño ESP"]
[Date "2007.08.16"]
[Round "5.3"]
[White "Forcen Esteban, Daniel"]
[Black "Idrisov, Tebriz"]
[Result "1-0"]
[WhiteElo "2134"]
[BlackElo "2149"]
[PlyCount "61"]
[EventDate "2007.08.14"]
[EventType "swiss"]
[EventRounds "8"]
[EventCountry "ESP"]
[Source "lmi"]
[SourceDate "2007.08.14"]

1. e4 c5 2. Nf3 d6 3. d4 cxd4 4. Nxd4 Nf6 5. Nc3 a6 6. Bg5 e6 7. f4 Qb6 8. Qd2
Nc6 9. Nb3 Be7 10. O-O-O Bd7 11. e5 Ng4 12. Bxe7 Nxe7 13. Qxd6 Qxd6 14. Rxd6
O-O-O 15. Be2 Ne3 16. Bf3 Kc7 17. Rd3 N3f5 18. Rhd1 Bc6 19. Bxc6 Nxc6 20. Ne4
b6 21. a3 h6 22. g4 Nh4 23. Nd6 Ne7 24. Nd4 Nhg6 25. Rc3+ Kd7 26. Nxf7 Nd5 27.
Rc6 Rc8 28. Rd6+ Ke7 29. Nxh8 Ngxf4 30. Nc6+ Kf8 31. c4 1-0

[Event "8. Open Sub-20 contra la Droga"]
[Site "Logroño ESP"]
[Date "2007.08.16"]
[Round "5.4"]
[White "Martinez Perez, Jorge"]
[Black "Peñalosa Pinilla, Jesus"]
[Result "1/2-1/2"]
[WhiteElo "2032"]
[BlackElo "2207"]
[PlyCount "60"]
[EventDate "2007.08.14"]
[EventType "swiss"]
[EventRounds "8"]
[EventCountry "ESP"]
[Source "lmi"]
[SourceDate "2007.08.14"]

1. Nf3 g6 2. d4 Bg7 3. c4 Nf6 4. b3 O-O 5. Bb2 d6 6. e3 Nbd7 7. Nbd2 Re8 8. Be2
e5 9. h4 e4 10. Ng5 h6 11. Nh3 c5 12. d5 Ne5 13. Nf4 h5 14. Qc2 Bf5 15. Nf1
Neg4 16. Ng3 Bd7 17. Rc1 Qe7 18. Nh3 Nh7 19. Bxg7 Kxg7 20. Qc3+ Qf6 21. Bxg4
Bxg4 22. Qxf6+ Nxf6 23. Ng5 Bd7 24. a4 b6 25. Kd2 a6 26. Kc3 b5 27. axb5 axb5
28. Ra1 b4+ 29. Kb2 Bf5 30. Rhf1 Red8 1/2-1/2

[Event "8. Open Sub-20 contra la Droga"]
[Site "Logroño ESP"]
[Date "2007.08.16"]
[Round "5.5"]
[White "Alarcia Astiz, Carlos"]
[Black "Romero Lopez, Marta"]
[Result "1-0"]
[WhiteElo "2173"]
[BlackElo "2004"]
[PlyCount "109"]
[EventDate "2007.08.14"]
[EventType "swiss"]
[EventRounds "8"]
[EventCountry "ESP"]
[Source "lmi"]
[SourceDate "2007.08.14"]

1. e4 e6 2. d3 d5 3. Nd2 Nf6 4. g3 Nc6 5. Bg2 dxe4 6. dxe4 e5 7. c3 a5 8. Qc2
Bc5 9. Ngf3 O-O 10. O-O b6 11. Nb3 Bd6 12. a4 Ba6 13. Re1 Be7 14. Nh4 g6 15.
Bh6 Re8 16. Rad1 Qc8 17. h3 Rd8 18. Nd2 Ne8 19. Nhf3 Nd6 20. Nf1 Bf6 21. Ne3
Bg7 22. Bxg7 Kxg7 23. Nd5 f6 24. Nh2 Rf8 25. Nxb6 cxb6 26. Rxd6 Nd4 27. Qd1 Nc6
28. Rd7+ Rf7 29. Rxf7+ Kxf7 30. Qb3+ Kg7 31. Ng4 Rb8 32. Qd5 h5 33. Ne3 Qc7 34.
Qb3 Ne7 35. Rd1 Rd8 36. h4 Rd6 37. Rxd6 Qxd6 38. Nc4 Bxc4 39. Qxc4 Kf8 40. Bf1
Kg7 41. Bd3 g5 42. Be2 gxh4 43. Bxh5 hxg3 44. fxg3 Qd2 45. Qe2 Qc1+ 46. Kg2 Kf8
47. Bg4 Qa1 48. Bd7 Qc1 49. Be6 Qb1 50. b3 Ng6 51. Qg4 Qc2+ 52. Kh3 Qc1 53.
Qxg6 Qh1+ 54. Kg4 Qd1+ 55. Kh4 1-0

[Event "8. Open Sub-20 contra la Droga"]
[Site "Logroño ESP"]
[Date "2007.08.16"]
[Round "5.6"]
[White "Talishzada, Orhan"]
[Black "Sariyev, Riad"]
[Result "1/2-1/2"]
[WhiteElo "2114"]
[BlackElo "1964"]
[PlyCount "71"]
[EventDate "2007.08.14"]
[EventType "swiss"]
[EventRounds "8"]
[EventCountry "ESP"]
[Source "lmi"]
[SourceDate "2007.08.14"]

1. e4 c5 2. c3 d5 3. exd5 Qxd5 4. d4 Nf6 5. Nf3 Bg4 6. Be2 e6 7. O-O Be7 8. Be3
Nc6 9. Nbd2 cxd4 10. Nxd4 Bxe2 11. Qxe2 Nxd4 12. Bxd4 O-O 13. Rfd1 Qc6 14. Nf3
Rfd8 15. c4 b6 16. Ne5 Qb7 17. Rac1 Rac8 18. Rc3 Rd6 19. Rcd3 h6 20. b3 Qe4 21.
Qxe4 Nxe4 22. Bb2 Rxd3 23. Rxd3 Nc5 24. Rd1 Bf6 25. Kf1 g5 26. Ke2 Kg7 27. f3
Rc7 28. Bd4 h5 29. Rd2 Kg8 30. Bb2 Be7 31. Nd3 Nxd3 32. Rxd3 Kf8 33. Be5 Rb7
34. Bb2 Ke8 35. a4 Rd7 36. Rxd7 1/2-1/2

[Event "8. Open Sub-20 contra la Droga"]
[Site "Logroño ESP"]
[Date "2007.08.16"]
[Round "5.7"]
[White "Anaya Lopez, Victor"]
[Black "Rzayev, Bahruz"]
[Result "0-1"]
[WhiteElo "1959"]
[BlackElo "2073"]
[PlyCount "68"]
[EventDate "2007.08.14"]
[EventType "swiss"]
[EventRounds "8"]
[EventCountry "ESP"]
[Source "lmi"]
[SourceDate "2007.08.14"]

1. e4 c5 2. Nf3 Nc6 3. d4 cxd4 4. Nxd4 Nf6 5. Nc3 e5 6. Ndb5 d6 7. Bg5 a6 8.
Na3 b5 9. Bxf6 gxf6 10. Nd5 f5 11. g3 fxe4 12. Bg2 Be6 13. Bxe4 Rc8 14. O-O Bg7
15. Qh5 h6 16. Rad1 O-O 17. c3 Ne7 18. Nc2 Rc4 19. Qe2 f5 20. Nxe7+ Qxe7 21.
Bd5 Bxd5 22. Rxd5 f4 23. Rfd1 Rf6 24. Qd2 Bf8 25. b3 Rc7 26. Kh1 Qf7 27. gxf4
Rxf4 28. Rg1+ Kh8 29. Rxd6 Bxd6 30. Qxd6 Rxf2 31. Qxe5+ Kh7 32. Nd4 Re7 33. Qc5
Ree2 34. Qd6 Qb7+ 0-1

[Event "8. Open Sub-20 contra la Droga"]
[Site "Logroño ESP"]
[Date "2007.08.16"]
[Round "5.8"]
[White "Cabanas Jimenez, Manuel"]
[Black "Diaz Herrero, Alvaro"]
[Result "1/2-1/2"]
[WhiteElo "2049"]
[BlackElo "1951"]
[PlyCount "58"]
[EventDate "2007.08.14"]
[EventType "swiss"]
[EventRounds "8"]
[EventCountry "ESP"]
[Source "lmi"]
[SourceDate "2007.08.14"]

1. e4 c5 2. Nf3 d6 3. c3 Nf6 4. Be2 Nc6 5. d4 cxd4 6. cxd4 d5 7. e5 Ne4 8. O-O
Bg4 9. Nc3 Nxc3 10. bxc3 e6 11. Rb1 Qc7 12. Qb3 Rb8 13. Be3 Be7 14. c4 dxc4 15.
Qxc4 Bf5 16. Bd3 Bxd3 17. Qxd3 Qd7 18. Qb5 O-O 19. Rfd1 Rfd8 20. Rdc1 Bf8 21.
Rb3 Ne7 22. Qxd7 Rxd7 23. Nd2 Rbd8 24. Nf3 Nd5 25. Kf1 Be7 26. Ke2 h6 27. g4
Rb8 28. Nd2 Kf8 29. f4 Rbd8 1/2-1/2

[Event "8. Open Sub-20 contra la Droga"]
[Site "Logroño ESP"]
[Date "2007.08.16"]
[Round "5.9"]
[White "Santos Latasa, Jaime"]
[Black "Jimenez Fernandez, Alejandro"]
[Result "1-0"]
[WhiteElo "1913"]
[BlackElo "1951"]
[PlyCount "103"]
[EventDate "2007.08.14"]
[EventType "swiss"]
[EventRounds "8"]
[EventCountry "ESP"]
[Source "lmi"]
[SourceDate "2007.08.14"]

1. e4 c6 2. Nf3 d5 3. exd5 cxd5 4. Ne5 Nf6 5. d4 Nc6 6. Bb5 Bd7 7. Nxd7 Qxd7 8.
O-O e6 9. c3 Bd6 10. Nd2 Qc7 11. Nf3 Ne4 12. Bd3 O-O 13. Bxe4 dxe4 14. Ng5
Bxh2+ 15. Kh1 Bf4 16. Nxe4 Rfd8 17. Qf3 Bxc1 18. Raxc1 Ne7 19. Rfd1 Ng6 20. g3
Qc6 21. Ng5 Qxf3+ 22. Nxf3 Rac8 23. Kg2 Rc7 24. Ng5 Rcd7 25. Re1 Rd5 26. f4 Ne7
27. Nf3 Nc6 28. Re4 Kf8 29. Rce1 h6 30. Kh3 a5 31. g4 R5d6 32. Kg3 b5 33. Nh4
b4 34. f5 exf5 35. Nxf5 R6d7 36. Kg2 Rb8 37. R1e2 Rbd8 38. Kg3 Rc8 39. Ne3 Ne7
40. c4 Rcd8 41. d5 Nc8 42. c5 Ne7 43. d6 Nc6 44. Nd5 Rb7 45. Nb6 Nb8 46. Re7
Nd7 47. Nxd7+ Rbxd7 48. Rxd7 Rxd7 49. Rd2 Ke8 50. c6 Ra7 51. d7+ Kd8 52. Re2
1-0

[Event "8. Open Sub-20 contra la Droga"]
[Site "Logroño ESP"]
[Date "2007.08.17"]
[Round "6.1"]
[White "Khamrakulov, Dzhurabek"]
[Black "Cruz Sanchez, Cristian"]
[Result "1-0"]
[WhiteElo "2322"]
[BlackElo "2451"]
[PlyCount "53"]
[EventDate "2007.08.14"]
[EventType "swiss"]
[EventRounds "8"]
[EventCountry "ESP"]
[Source "lmi"]
[SourceDate "2007.08.14"]

1. e4 d5 2. exd5 Qxd5 3. Nc3 Qe5+ 4. Nge2 c6 5. d4 Qc7 6. Bf4 Qd8 7. d5 Nf6 8.
dxc6 Qxd1+ 9. Rxd1 bxc6 10. g3 Nfd7 11. Bg2 e5 12. Be3 Ba6 13. O-O Bb4 14. Rfe1
Kd8 15. f4 f6 16. fxe5 fxe5 17. Bd2 Bc5+ 18. Kh1 Kc7 19. Ne4 Be7 20. N2c3 h6
21. Na4 Re8 22. Ba5+ Nb6 23. Nac5 Bxc5 24. Nxc5 Bc4 25. b3 Bd5 26. c4 Bxg2+ 27.
Kxg2 1-0

[Event "8. Open Sub-20 contra la Droga"]
[Site "Logroño ESP"]
[Date "2007.08.17"]
[Round "6.2"]
[White "Rzayev, Bahruz"]
[Black "Alarcia Astiz, Carlos"]
[Result "1-0"]
[WhiteElo "2073"]
[BlackElo "2173"]
[PlyCount "89"]
[EventDate "2007.08.14"]
[EventType "swiss"]
[EventRounds "8"]
[EventCountry "ESP"]
[Source "lmi"]
[SourceDate "2007.08.14"]

1. e4 c6 2. Nc3 d5 3. Nf3 Bg4 4. h3 Bxf3 5. Qxf3 e6 6. d3 Nd7 7. Bd2 Ngf6 8. g4
h6 9. Qg3 a6 10. O-O-O d4 11. Ne2 Qb6 12. f4 O-O-O 13. Qe1 Qc5 14. e5 Nd5 15.
Qf2 Qb5 16. Qxd4 Bc5 17. Qe4 Qb6 18. d4 Be7 19. c4 Nb4 20. Kb1 a5 21. a3 Na6
22. c5 Naxc5 23. dxc5 Nxc5 24. Qc2 Nb3 25. Bc3 Rxd1+ 26. Qxd1 Rd8 27. Qc2 a4
28. Nc1 Qe3 29. Bg2 Nd2+ 30. Ka1 Qf2 31. Be4 Qxf4 32. Re1 Bh4 33. Re2 Nb3+ 34.
Nxb3 axb3 35. Qb1 Bg5 36. Qe1 g6 37. Qg1 Kb8 38. Re1 Rd7 39. Bb1 Qf3 40. Bb4
Bd2 41. Rd1 Qe2 42. Bd6+ Ka8 43. Qf1 Qe3 44. Qc4 Ba5 45. Bc5 1-0

[Event "8. Open Sub-20 contra la Droga"]
[Site "Logroño ESP"]
[Date "2007.08.17"]
[Round "6.3"]
[White "Lariño Nieto, David"]
[Black "Forcen Esteban, Daniel"]
[Result "1-0"]
[WhiteElo "2435"]
[BlackElo "2134"]
[PlyCount "61"]
[EventDate "2007.08.14"]
[EventType "swiss"]
[EventRounds "8"]
[EventCountry "ESP"]
[Source "lmi"]
[SourceDate "2007.08.14"]

1. e4 c5 2. Nc3 d6 3. g3 Nc6 4. Bg2 g6 5. d3 Bg7 6. f4 e6 7. Nf3 Nge7 8. O-O
O-O 9. Be3 Nd4 10. Bf2 Nec6 11. e5 dxe5 12. Nxe5 Nxe5 13. fxe5 Rb8 14. Ne4 b6
15. c3 Nf5 16. Nf6+ Bxf6 17. exf6 Ba6 18. g4 Nd6 19. Bg3 Rc8 20. Bxd6 Qxd6 21.
Qd2 Rfd8 22. Be4 Rd7 23. Rf3 Qf8 24. Rh3 Kh8 25. Rf1 e5 26. Qg5 Rd6 27. Rff3
Qg8 28. Rh6 Rcd8 29. Rfh3 Rxd3 30. Bxd3 Rxd3 31. Rxh7+ 1-0

[Event "8. Open Sub-20 contra la Droga"]
[Site "Logroño ESP"]
[Date "2007.08.17"]
[Round "6.4"]
[White "Peñalosa Pinilla, Jesus"]
[Black "Santos Latasa, Jaime"]
[Result "1/2-1/2"]
[WhiteElo "2207"]
[BlackElo "1913"]
[PlyCount "70"]
[EventDate "2007.08.14"]
[EventType "swiss"]
[EventRounds "8"]
[EventCountry "ESP"]
[Source "lmi"]
[SourceDate "2007.08.14"]

1. e4 c6 2. Nc3 d5 3. Nf3 Nf6 4. e5 Ne4 5. d3 Nxc3 6. bxc3 Bg4 7. d4 e6 8. Rb1
b5 9. Bd2 a6 10. h3 Bxf3 11. Qxf3 c5 12. c4 bxc4 13. Bxc4 Nd7 14. Bb3 Be7 15.
c3 O-O 16. O-O Qc7 17. Qg3 Rfb8 18. f4 f5 19. c4 Qc6 20. Qf3 Nb6 21. Ba5 Nxc4
22. Bxc4 Qa4 23. Bxa6 Rxb1 24. Rxb1 Qxa5 25. Rb7 Rxa6 26. Rxe7 Qd8 27. Rb7 Rb6
28. Ra7 c4 29. Qg3 Qf8 30. Kh2 Rc6 31. Qc3 Qd8 32. Kg3 Rc8 33. Ra6 Qe8 34. Kh2
Rc6 35. Ra7 Rc8 1/2-1/2

[Event "8. Open Sub-20 contra la Droga"]
[Site "Logroño ESP"]
[Date "2007.08.17"]
[Round "6.5"]
[White "Idrisov, Tebriz"]
[Black "Cabanas Jimenez, Manuel"]
[Result "1-0"]
[WhiteElo "2149"]
[BlackElo "2049"]
[PlyCount "69"]
[EventDate "2007.08.14"]
[EventType "swiss"]
[EventRounds "8"]
[EventCountry "ESP"]
[Source "lmi"]
[SourceDate "2007.08.14"]

1. d4 Nf6 2. Bg5 Ne4 3. Bf4 c5 4. f3 Qa5+ 5. c3 Nf6 6. Nd2 cxd4 7. Nb3 Qh5 8.
cxd4 Nc6 9. a3 d6 10. e4 e5 11. Be3 Bd7 12. d5 Nd8 13. Qd2 Qg6 14. Ne2 Be7 15.
O-O-O b6 16. Nc3 Nb7 17. Ba6 Nc5 18. Nxc5 bxc5 19. g4 O-O 20. h4 h5 21. gxh5
Qxh5 22. Be2 Qh7 23. h5 Ne8 24. Rdg1 f5 25. exf5 Bxf5 26. Ne4 Bxe4 27. fxe4
Qxe4 28. h6 Bf6 29. Bd3 Qa4 30. hxg7 Nxg7 31. Bg6 Rab8 32. Qh2 Qc4+ 33. Kb1
Rxb2+ 34. Qxb2 e4 35. Rh8+ 1-0

[Event "8. Open Sub-20 contra la Droga"]
[Site "Logroño ESP"]
[Date "2007.08.17"]
[Round "6.6"]
[White "Accattato Martin, Mario"]
[Black "Martinez Perez, Jorge"]
[Result "1/2-1/2"]
[WhiteElo "2129"]
[BlackElo "2032"]
[PlyCount "94"]
[EventDate "2007.08.14"]
[EventType "swiss"]
[EventRounds "8"]
[EventCountry "ESP"]
[Source "lmi"]
[SourceDate "2007.08.14"]

1. e4 d5 2. exd5 Qxd5 3. Nc3 Qd6 4. d4 Nf6 5. Nf3 a6 6. Be3 Nc6 7. Qd2 e6 8.
O-O-O b5 9. Bf4 Qd8 10. d5 Nxd5 11. Nxd5 Qxd5 12. Qxd5 exd5 13. Bxc7 Be6 14.
Bb6 Be7 15. Nd4 Rc8 16. Nxc6 Rxc6 17. Bd4 O-O 18. Bd3 Bc5 19. Bxc5 Rxc5 20. Kb1
a5 21. f4 Rfc8 22. Rhe1 g6 23. Re5 Kg7 24. Rd2 Kf6 25. Re1 b4 26. Rf1 h5 27. f5
Bxf5 28. Bxf5 gxf5 29. b3 Re8 30. Rfd1 Re5 31. a3 Ke6 32. axb4 axb4 33. Kb2 Ra5
34. Rd3 Re4 35. R1d2 Ke5 36. Rh3 h4 37. g3 hxg3 38. hxg3 d4 39. Rh8 Rd5 40.
Re8+ Kf6 41. Rb8 d3 42. Rxd3 Rxd3 43. cxd3 Rg4 44. Kc2 Ke5 45. Kd2 Rxg3 46.
Rxb4 Rg2+ 47. Ke3 Rg3+ 1/2-1/2

[Event "8. Open Sub-20 contra la Droga"]
[Site "Logroño ESP"]
[Date "2007.08.17"]
[Round "6.7"]
[White "Gonzalez Santamartina, Jorge"]
[Black "Talishzada, Orhan"]
[Result "0-1"]
[WhiteElo "1732"]
[BlackElo "2114"]
[PlyCount "68"]
[EventDate "2007.08.14"]
[EventType "swiss"]
[EventRounds "8"]
[EventCountry "ESP"]
[Source "lmi"]
[SourceDate "2007.08.14"]

1. e4 c5 2. Nf3 e6 3. d4 cxd4 4. Nxd4 Nf6 5. Nc3 Nc6 6. Be3 Bb4 7. Bd3 O-O 8.
Nde2 d5 9. Bd2 Ne5 10. Ng3 dxe4 11. Ngxe4 Nxd3+ 12. cxd3 Be7 13. Qc2 Bd7 14.
O-O Rc8 15. Qb3 Bc6 16. Nxf6+ Bxf6 17. Ne2 Bd5 18. Qd1 Bxb2 19. Rb1 Bf6 20. Nf4
b6 21. a4 g6 22. Bb4 Re8 23. Rc1 Rxc1 24. Qxc1 Bb7 25. Rd1 Qd4 26. Qc4 Rc8 27.
Qxd4 Bxd4 28. h3 Rc2 29. Be1 Ra2 30. Rc1 Rxa4 31. Rc7 Ra1 32. Kf1 e5 33. Ne2
Ba6 34. Rxa7 Bc3 0-1

[Event "8. Open Sub-20 contra la Droga"]
[Site "Logroño ESP"]
[Date "2007.08.17"]
[Round "6.8"]
[White "Sariyev, Riad"]
[Black "Anaya Lopez, Victor"]
[Result "1/2-1/2"]
[WhiteElo "1964"]
[BlackElo "1959"]
[PlyCount "51"]
[EventDate "2007.08.14"]
[EventType "swiss"]
[EventRounds "8"]
[EventCountry "ESP"]
[Source "lmi"]
[SourceDate "2007.08.14"]

1. e4 c5 2. Nf3 Nc6 3. Bb5 e6 4. O-O Nge7 5. c3 a6 6. Ba4 b5 7. Bc2 d5 8. exd5
Nxd5 9. d4 cxd4 10. Nxd4 Nxd4 11. Qxd4 Qf6 12. Qxf6 Nxf6 13. Nd2 Bb7 14. Nb3
Be7 15. Nd4 Rc8 16. Re1 O-O 17. a3 Rfd8 18. Bb3 Bd5 19. Be3 Bc5 20. Bxd5 Nxd5
21. Rad1 Nxe3 22. fxe3 e5 23. Nc2 f5 24. Kf1 Kf7 25. Ke2 Ke6 26. Kf3 1/2-1/2